=LDR 00000nam 2200000 4500 =001 INLIS000000000026585 =005 20200813102115 =035 ##$$a 0010-061300000026585 =008 200813###########################0###### =041 ##$$a Ind =082 ##$$a 2X9.8 =090 ##$$a 2X9.8 Hal b =100 ##$$a Halim, M. Nipan abdul =245 1#$$a biografi dan keteladanan 10 sahabat ahli surga =260 ##$$a 2005 :$b Jakarta =300 ##$$a xiii, 325 hlm, 21 cm =650 #4$$a Biografi 10 sahabat =850 ##$$a NBPNMAT =990 ##$$a 92056/BPAP-NTB/2014